00544nam a2200121Ia 4500008004100000100002700041245011300068245011500181260000900296300003500305440004300340650003900383171207s9999 xx 000 0 und d aWilloughby, Michael T. aDevelopmental Delays in Executive Function from 3 to 5 Years of Age Predict Kindergarten Academic Readiness  cMichael T. Willoughby, Brooke Magnus, Lynne Vernon-Feagans, Clancy B. Blair, Family Life Project Investigators c2017 apages 359-72, July/August 2017 aJournal of Learning Disabilitiesv50:4 aEXECUTIVE FUNCTION, ACADEMIC SKILL